00398nam a2200133Ia 4500003000400000008004100004040001600045082002000061100002400081245006000105260005600165300000800221650003500229GCL140319s9999 xx 000 0 eng d aGCL / cGCL04a745.619927bS C1 aSCHIMMEL, ANNEMARIE10aCALLIGRAPHY AND ISLAMIC CULTURE / cSCHIMMEL, ANNEMARIE a[S.N] : bI.B. TAURIS & CO LTD PUBLISHERS ، c1990 a26404aISLAMIC CALLIGRAPHY, TO 1975 C